| 000 -LEADER |
| fixed length control field |
01015nam a22001217a 4500 |
| 040 ## - CATALOGING SOURCE |
| Transcribing agency |
RUA |
| 082 ## - DEWEY DECIMAL CLASSIFICATION NUMBER |
| Classification number |
LMA TEP 2025 B701 Or.1 |
| 100 ## - MAIN ENTRY--AUTHOR NAME |
| Personal name |
TEP OUDOM,ទេព ឧត្ដម |
| 245 ## - TITLE STATEMENT |
| Title |
The Uses Of Using geographic in formation systems (GIS) in supporting the registration of state land under special procedures in the dolphin management and protection area in siem bok district, stung treng province, សិក្សាអំពីការប្រើប្រាស់ប្រព័ន្ធព័ត៌មានភូមិសាស្រ្ត (GIS) ក្នុងការគាំទ្រដល់ការចុះបញ្ជីដីរដ្ឋ តាមនីតិវិធីពិសេស ស្ថិតនៅតំបន់គ្រប់គ្រង និងការពារសត្វផ្សោតក្នុងស្រុកសៀមបូក ខេត្តស្ទឹងត្រែង. |
| 260 ## - PUBLICATION, DISTRIBUTION, ETC. (IMPRINT) |
| Place of publication |
PHNOM PENH |
| Name of publisher |
RUA |
| Year of publication |
2025 |
| 300 ## - PHYSICAL DESCRIPTION |
| Number of Pages |
xiii,79p. |
| Other physical details |
ill. |
| Dimensions |
29cm. |
| 942 ## - ADDED ENTRY ELEMENTS (KOHA) |
| Koha item type |
LMA |
| 952 ## - LOCATION AND ITEM INFORMATION (KOHA) |
| Withdrawn status [LOCAL, KOHA] |
0 |
| 952 ## - LOCATION AND ITEM INFORMATION (KOHA) |
| Withdrawn status [LOCAL, KOHA] |
0 |